000 00678nam a2200289Ia 4500
005 20260324115950.0
008 008 260324s9999 xx 000 0 eng d
020 _a9781315731339
037 _aEBOOK
040 _aCRL
040 _beng
040 _cCRL
041 _2eng
041 _aeng
084 _qCRL
100 _aMartin Ganeri
_91156692
245 0 _aIndian Thought and Western Theism
245 4 _bThe Vedānta of Rāmānuja
260 _bTaylor and Francis
260 _c2015
365 _a
365 _b240
856 _uhttp://www.taylorfrancis.com/books/9781315731339
942 _cEBOOK
999 _c1747958
_d1747958